2012 MLB Network Top 100 Players Right Now - Statistics

General Stats
  • This quiz has been taken 12 times
  • The average score is 57 of 100
Answer Stats
Rank Team Position Player % Correct
70. BAL CF Adam Jones
100%
11. LAA 1B Albert Pujols
100%
86. NYY 3B Alex Rodriguez
100%
32. CLE SS Asdrubal Cabrera
100%
60. SFG C Buster Posey
100%
5. LAD SP Clayton Kershaw
100%
18. PHI SP Cliff Lee
100%
53. BOS DH David Ortiz
100%
52. NYY SS Derek Jeter
100%
12. BOS 2B Dustin Pedroia
100%
21. TBR 3B Evan Longoria
100%
20. SEA SP Felix Hernandez
100%
41. MIA RF Giancarlo Stanton
100%
80. MIN C Joe Mauer
100%
15. CIN 1B Joey Votto
100%
6. TOR RF Jose Bautista
100%
2. DET SP Justin Verlander
100%
90. SFG SP Madison Bumgarner
100%
3. DET 3B Miguel Cabrera
100%
8. NYY 2B Robinson Cano
100%
7. PHI SP Roy Halladay
100%
9. MIL LF Ryan Braun
100%
19. SFG SP Tim Lincecum
100%
4. COL SS Troy Tulowitzki
100%
64. MIL SP Zack Greinke
100%
89. STL SP Adam Wainwright
75%
14. BOS 1B Adrian Gonzalez
75%
69. KCR LF Alex Gordon
75%
42. PIT CF Andrew McCutchen
75%
66. MIL 3B Aramis Ramirez
75%
76. SFG RP Brian Wilson
75%
54. COL OF Carlos Gonzalez
75%
26. NYY SP CC Sabathia
75%
56. STL SP Chris Carpenter
75%
68. PHI SP Cole Hamels
75%
63. TBR SP David Price
75%
88. WAS SP Gio Gonzalez
75%
24. MIA 3B Hanley Ramirez
75%
31. TEX 2B Ian Kinsler
75%
13. LAA SP Jered Weaver
75%
50. BOS SP Jon Lester
75%
25. MIA SS Jose Reyes
75%
27. NYY RP Mariano Rivera
75%
55. NYY 1B Mark Teixeira
75%
1. LAD CF Matt Kemp
75%
29. TEX UTIL Michael Young
75%
44. SFG 3B Pablo Sandoval
75%
10. DET 1B Prince Fielder
75%
59. PHI 1B Ryan Howard
75%
22. WAS 3B Ryan Zimmerman
75%
38. STL C Yadier Molina
75%
16. TEX 3B Adrian Beltre
50%
40. CIN 2B Brandon Phillips
50%
82. STL OF Carlos Beltran
50%
96. PHI 2B Chase Utley
50%
73. KCR 1B Eric Hosmer
50%
36. PHI RF Hunter Pence
50%
100. SEA RF Ichiro Suzuki
50%
17. BOS CF Jacoby Ellsbury
50%
30. TEX LF Josh Hamilton
50%
87. BOS 3B Kevin Youkilis
50%
43. STL LF Matt Holliday
50%
34. TEX C Mike Napoli
50%
35. TEX RF Nelson Cruz
50%
39. DET C Alex Avila
25%
81. TBR 2B Ben Zobrist
25%
74. TOR 3B Brett Lawrie
25%
47. ATL C Brian McCann
25%
99. BOS LF Carl Crawford
25%
79. CLE C Carlos Santana
25%
93. ATL RP Craig Kimbrel
25%
23. NYY CF Curtis Granderson
25%
37. LAA SP Dan Haren
25%
78. MIA RP Heath Bell
25%
85. LAA 2B Howie Kendrick
25%
45. TBR SP James Shields
25%
61. PHI RP Jonathan Papelbon
25%
28. ARI LF Justin Upton
25%
46. SFG SP Matt Cain
25%
33. CHW 1B Paul Konerko
25%
65. TOR SP Ricky Romero
25%
58. PHI CF Shane Victorino
25%
97. CHC SS Starlin Castro
25%
98. WAS SP Stephen Strasburg
25%
71. ATL SP Tim Hudson
25%
72. MIL SP Yovani Gallardo
25%
84. ATL 2B Dan Uggla
0%
67. STL 3B David Freese
0%
49. ARI SP Ian Kennedy
0%
75. DET SS Jhonny Peralta
0%
77. MIL RP John Axford
0%
62. DET RP Jose Valverde
0%
57. BOS SP Josh Beckett
0%
51. STL 1B Lance Berkman
0%
94. ATL CF Michael Bourn
0%
95. WAS 1B/LF Michael Morse
0%
48. ARI C Miguel Montero
0%
83. MIL 2B Rickie Weeks
0%
92. CIN RP Ryan Madson
0%
91. CLE RF Shin-Soo Choo
0%
No matching quizzes found
Score Distribution
Percent of People with Each Score
Percentile by Number Answered
Your Score History
You have not taken this quiz